| 000 | 00500nam a2200169 i 4500 | ||
|---|---|---|---|
| 001 | 56097 | ||
| 003 | ES-MaACL | ||
| 005 | 20230906163300.0 | ||
| 007 | t| | ||
| 008 | 031003s1968 sp ||||1| spa d | ||
| 100 | 1 |
_aDíaz-Plaja, Fernando, _d1918-2012 _944396 |
|
| 245 | 1 | 3 |
_aLa piedra en el agua y otras historias crueles / _cFernando Díaz-Plaja. |
| 260 |
_aMadrid : _bEd. Nacional, _c1968. |
||
| 300 |
_a153 p. ; _c22 cm. |
||
| 852 |
_aES-MaACL _jC-34631 _bR.66566 |
||
| 999 |
_c56097 _d56097 |
||